Adóelkerülések hatása a gazdaságra, és az ellenük folyó küzdelem nemzeti és nemzetközi szinten

Bibliográfiai részletek
Szerző: Horváth Réka
További közreműködők: Vallyon Dr. Andrea
Dokumentumtípus: Diplomadolgozat
Kulcsszavak:Adózás
Adóelkerülés
Adóparadicsom
Offshore
OECD
Online Access:http://dolgozattar.uni-bge.hu/3952

MARC

LEADER 00000nta a2200000 i 4500
001 dolg3952
005 20160621112249.0
008 151204suuuu hu om 000 hun d
040 |a BGE Dolgozattár Repozitórium  |b hun 
041 |a hu 
100 1 |a Horváth Réka 
245 1 0 |a Adóelkerülések hatása a gazdaságra, és az ellenük folyó küzdelem nemzeti és nemzetközi szinten  |c Horváth Réka  |h [elektronikus dokumentum] 
695 |a Adózás 
695 |a Adóelkerülés 
695 |a Adóparadicsom 
695 |a Offshore 
695 |a OECD 
700 1 |a Vallyon Dr. Andrea  |e ths 
856 4 0 |u http://dolgozattar.uni-bge.hu/3952/1/szakdolgozat_2015.pdf  |z Dokumentum-elérés